| 000 | 00960nam a2200265 i 4500 | ||
|---|---|---|---|
| 001 | 15308 | ||
| 003 | ES-MaACL | ||
| 005 | 20251003063034.0 | ||
| 007 | t| | ||
| 008 | 000212s1998 sp ||||0| spa | ||
| 020 | _a84-87136-87-7 | ||
| 080 | _a332.24(460.288 Alcaraz)"17" | ||
| 080 | _a314(460.288 Alcaraz)"17" | ||
| 100 | 1 |
_aGarcía González, Francisco, _d1963- _954710 |
|
| 245 | 1 | 3 |
_aLa Sierra de Alcaraz en el siglo XVIII _b: población, familia y estructura agraria / _cFrancisco García González. |
| 260 |
_aAlbacete : _bInstituto de Estudios Albacetenses "Don Juan Manuel", _c1998. |
||
| 300 |
_a483 p. ; _c21 cm. |
||
| 490 | 1 |
_aSerie I-Estudios ; _v105 |
|
| 650 | 4 |
_aPropiedad rústica- _zAlcaraz (Albacete) _916495 |
|
| 651 | 4 |
_aAlcaraz- _xPoblación- _yS.XVIII. _97654 |
|
| 710 | 2 |
_aInstituto de Estudios Albacetenses. _94884 |
|
| 830 | 1 |
_aSerie I-Estudios ; _v105 _9179228 |
|
| 852 |
_aES-MaACL _jL-22597 |
||
| 999 |
_c15308 _d15308 |
||